| 000 | 00599nam a22001577a 4500 | ||
|---|---|---|---|
| 003 | macl | ||
| 005 | 20200315121906.0 | ||
| 008 | 200315b xxu||||| |||| 00| 0 eng d | ||
| 040 | _cmacl | ||
| 082 | _a370 | ||
| 100 |
_aपुणेकर _978649 |
||
| 245 | _aM P P EB प्राथमिक शिक्षक पात्रता परीक्षा नोट्स (संविदा शिक्षक वर्ग 3 )2020 | ||
| 260 |
_aइन्दौर _bपुणेकर पब्लिकेशन्स _c2020 |
||
| 650 |
_aशिक्षा _978650 |
||
| 942 |
_2ddc _cHIN |
||
| 999 |
_c62409 _d62409 |
||